000 00959cam a2200205 4500
001 X113037
008 000000n2001 000 0 eng u
035 _a(Sirsi) u113037
100 _aButton, R.
245 _aProject management: managing the risk
260 _c2001
490 _aCSM
_bChartered Surveyor Monthly
_vMay 2001, 36(1)
520 _aLooks at the ways that the risks involved in undertaking project management can be contained within commercially acceptable boundaries. Argues that project managers should carefully consider the duties they undertake and clearly define what they will and will not be responsible for. Discusses how the risks associated with one-stop-shop arrangements can be mitigated but observes that this can lead to the administrative burden on the project manager.
650 _aPROJECTS
650 _aRISK
650 _aRISK MANAGEMENT
690 _aProject management
_96261
700 _aMills, R.
942 _n0
999 _c67283
_d67283